Conan Gray - Idle Town - All lyrics - Statistics

General Stats
  • This quiz has been taken 7 times
  • The average score is 272 of 334
Answer Stats
Answer % Correct
a
100%
Ahh
100%
ahh
100%
at
100%
I
100%
idle
100%
In
100%
(In
100%
in
100%
our
100%
out
100%
the
100%
The
100%
To
100%
to
100%
town
100%
town,
100%
town)
100%
We
100%
we
100%
all
83%
All
83%
and
83%
And
83%
any
83%
anybody's
83%
away
83%
change
83%
come
83%
curfew's
83%
do
83%
far
83%
games
83%
go,
83%
invent
83%
is
83%
it
83%
it's
83%
learned
83%
lights
83%
little
83%
midnight,
83%
midnight
83%
name
83%
never
83%
No,
83%
now
83%
of
83%
ohh-ohh-all
83%
on
83%
own
83%
People
83%
same
83%
stadium
83%
stay
83%
sun
83%
(Sun)
83%
sunrise
83%
that
83%
that's
83%
thin
83%
This
83%
this
83%
watch
83%
When
83%
when
83%
will
83%
wouldn't
83%
Yeah,
83%
ahh
67%
air
67%
be
67%
by
67%
can
67%
don't
67%
even
67%
feel
67%
for
67%
gear
67%
interstate
67%
Kissin'
67%
off
67%
place
67%
seventh
67%
signs
67%
sit
67%
sky
67%
they
67%
they'll
67%
they're
67%
touch
67%
up
67%
vowed
67%
wait
67%
we'll
67%
We're
67%
we're
67%
airplanes
50%
arcade
50%
as
50%
atmosphere
50%
beer
50%
breathin'
50%
Cause
50%
cream
50%
cry
50%
everybody's
50%
everyone
50%
eyes
50%
fade
50%
flyin'
50%
gettin'
50%
ice
50%
keep
50%
kickin'
50%
life
50%
love's
50%
Makin'
50%
need
50%
okay
50%
over
50%
partying
50%
red
50%
roads
50%
sip
50%
So
50%
Speed
50%
stars
50%
touched
50%
watchin'
50%
While
50%
antsy
33%
Blinkin'
33%
café
33%
days
33%
doubtin'
33%
escape
33%
minds
33%
noticin'
33%
sore
33%
spinning
33%
Springtime
33%
stays
33%
they've
33%
think
33%
tryna
33%
watched
33%
yellow
33%
Killin'
17%
time
17%
No matching quizzes found
Score Distribution
Percent of People with Each Score
Percentile by Number Answered
Your Score History
You have not taken this quiz